All about derivatives / (Record no. 18667)
[ view plain ]
| 000 -LEADER | |
|---|---|
| fixed length control field | 01241cam a22002894a 4500 |
| 001 - CONTROL NUMBER | |
| control field | 16340172 |
| 005 - DATE AND TIME OF LATEST TRANSACTION | |
| control field | 20141124111043.0 |
| 008 - FIXED-LENGTH DATA ELEMENTS--GENERAL INFORMATION | |
| fixed length control field | 100719t2011 xxuadk frb 001 0 eng d |
| 010 ## - LIBRARY OF CONGRESS CONTROL NUMBER | |
| LC control number | 2010029969 |
| 020 ## - INTERNATIONAL STANDARD BOOK NUMBER | |
| International Standard Book Number | 9780071743518 (pbk. : acidfree paper) |
| 020 ## - INTERNATIONAL STANDARD BOOK NUMBER | |
| International Standard Book Number | 0071743510 (pbk. : acidfree paper) |
| 040 ## - CATALOGING SOURCE | |
| Original cataloging agency | DLC |
| Transcribing agency | DLC |
| Modifying agency | YDX |
| -- | BTCTA |
| -- | UKM |
| -- | YDXCP |
| -- | VP@ |
| -- | CDX |
| -- | HEBIS |
| -- | DLC |
| -- | EG-ScBUE |
| 082 00 - DEWEY DECIMAL CLASSIFICATION NUMBER | |
| Classification number | 332.6457 |
| Edition number | 22 |
| Item number | DUR |
| 100 1# - MAIN ENTRY--PERSONAL NAME | |
| Personal name | Durbin, Michael |
| 9 (RLIN) | 36667 |
| 245 10 - TITLE STATEMENT | |
| Title | All about derivatives / |
| Statement of responsibility, etc | Michael Durbin. |
| 250 ## - EDITION STATEMENT | |
| Edition statement | Fully rev. 2nd ed. |
| 260 ## - PUBLICATION, DISTRIBUTION, ETC. (IMPRINT) | |
| Place of publication, distribution, etc | New York, United States : |
| Name of publisher, distributor, etc | McGraw-Hill, |
| Date of publication, distribution, etc | c.2011. |
| 300 ## - PHYSICAL DESCRIPTION | |
| Extent | xiv, 272 p. : |
| Other physical details | charts, forms, tables ; |
| Dimensions | 23 cm. |
| 500 ## - GENERAL NOTE | |
| General note | Includes appendixes. |
| 500 ## - GENERAL NOTE | |
| General note | Index : p. 263-272. |
| 504 ## - BIBLIOGRAPHY, ETC. NOTE | |
| Bibliography, etc | Bibliography : p. 261-262. |
| 505 0# - FORMATTED CONTENTS NOTE | |
| Formatted contents note | Derivatives in a nutshell-The forward contract-The futures contract-The swap contract-The option contract-Credit derivatives-Using derivatives to manage risk-Pricing forwards and futures-Pricing swaps-Pricing options-Hedging a derivatives position-Derivatives and the 2008 financial meltdown. |
| 650 #0 - SUBJECT ADDED ENTRY--TOPICAL TERM | |
| Topical term or geographic name as entry element | Derivative securities |
| 9 (RLIN) | 3234 |
| 653 ## - INDEX TERM--UNCONTROLLED | |
| Resource For college | BAEPS, Business Administration |
| Arrived date list | November2014 |
| 655 ## - INDEX TERM--GENRE/FORM | |
| Form subdivision | |
| -- | 34232 |
| 942 ## - ADDED ENTRY ELEMENTS (KOHA) | |
| Source of classification or shelving scheme | Dewey Decimal Classification |
| Call number prefix | 332.6457 DUR |
| Withdrawn status | Item status | Source of classification or shelving scheme | Damaged status | Not for loan | Vendor | Home library | Current library | Shelving location | Date acquired | Source of acquisition | Cost, normal purchase price | Serial Enumeration / chronology | Total Checkouts | Full call number | Barcode | Date last seen | Cost, replacement price | Koha item type |
|---|---|---|---|---|---|---|---|---|---|---|---|---|---|---|---|---|---|---|
| Dewey Decimal Classification | Baccah | Central Library | Central Library | First floor | 24/11/2014 | 126.00 | 20677 | 332.6457 DUR | 000037051 | 15/07/2025 | 157.50 | Book - Borrowing |